Statistiques concernant Trouver le score des matchs de la Coupe du monde 2010 (Tableau final)

Cliquez ici pour prendre le quiz!

Statistiques générales

  • Ce quiz a été pris 126 fois
  • Le résultat moyen est 13 sur 16

Statistiques - réponses

StadeMatchScore% Correct
Huitièmes de finaleEspagne - Portugal1-0
87%
Quarts de finaleUruguay* - Ghana1-1
86%
Huitièmes de finaleUruguay - Corée du Sud2-1
85%
Quarts de finalePays-Bas - Brésil2-1
85%
Demi-finalesAllemagne - Espagne0-1
84%
Huitièmes de finaleAllemagne - Angleterre4-1
84%
FinalePays-Bas - Espagne0-1
83%
Huitièmes de finaleEtats-Unis - Ghana1-2
82%
Huitièmes de finaleArgentine - Mexique3-1
81%
Quarts de finaleParaguay - Espagne0-1
80%
Quarts de finaleArgentine - Allemagne0-4
80%
Huitièmes de finalePays-Bas - Slovaquie2-1
80%
Huitièmes de finaleParaguay* - Japon0-0
79%
Huitièmes de finaleBrésil - Chili3-0
78%
Demi-finalesUruguay - Pays-Bas2-3
75%
Troisième placeUruguay - Allemagne2-3
65%

Distribution des résultats

Percentile par nombre de réponses

% des personnes avec chaque résultat

Votre développement - résultats

Vous n’avez pas pris ce quiz